000 01047cam a2200289 a 4500
001 26723
003 BD-RjUL
005 20211209051046.0
008 140323s1970 ii b f001 0 eng d
035 _aBD-RjUL)26794
040 _aDLC
_cDLC
_dDLC
_dBD-RjUL
_beng
041 _aeng
082 0 0 _a954.035092
_221
_bGAC V-39 1970
100 1 _aGandhi,
_d1869-1948.
_982113
245 1 4 _aThe collected works of Mahatma Gandhi /
_cMahatma Gandhi.
_nVolume xxxix :
_p(February 1929)
260 _aNew Delhi :
_bPublications Division, Ministry of Information and Broadcasting, Govt. of India,
_c1970
300 _a563p. ;
_c25 cm.
500 _aIncludes various editions of some vols.
500 _aVol. 91 accompanied by CD Rom
504 _aIncludes bibliographical references and indexes.
600 _aMahatma Gandhi.
_d1869-1948.
_982125
710 1 _aIndia.
_bMinistry of Information and Broadcasting.
_bPublications Division.
_982115
942 _2ddc
_cBK
999 _c26723
_d26723